Eucharistie et transsubstantiation : du bon usage d’un concept (notice n° 1621219)

détails MARC
000 -LEADER
fixed length control field 01714cam a2200169 4500500
005 - DATE AND TIME OF LATEST TRANSACTION
control field 20260111091436.0
041 ## - LANGUAGE CODE
Language code of text/sound track or separate title fre
042 ## - AUTHENTICATION CODE
Authentication code dc
100 10 - MAIN ENTRY--PERSONAL NAME
Personal name Salamolard, Michel
Relator term author
245 00 - TITLE STATEMENT
Title Eucharistie et transsubstantiation : du bon usage d’un concept
260 ## - PUBLICATION, DISTRIBUTION, ETC.
Date of publication, distribution, etc. 2007.<br/>
500 ## - GENERAL NOTE
General note 96
520 ## - SUMMARY, ETC.
Summary, etc. L’Église catholique juge avec raison que « transsubstantiation » est un concept clé pour rendre compte du mystère eucharistique dans une de ses composantes essentielles : la « présence réelle ». Celle-ci est elle-même au cœur de la compréhension et, partant, d’une pratique authentique de l’eucharistie. Mais ce langage a fait et continue de faire problème. L’A. s’efforce ici de replacer la transsubstantiation dans une perspective qui prend en compte certaines évolutions de la théologie, telle qu’elles apparaissent notamment dans plusieurs documents récents du magistère.
520 ## - SUMMARY, ETC.
Summary, etc. The Catholic Church rightly considers the term ‘transubstantiation’ as a key concept to express the eucharistic mystery in one of its essential componants : the real presence. Real presence is itself a key concept to the understanding and, consequently, to the authentic practice of the Eucharist. This kind of language has occasioned, and apparently does not cease to engender, embarrassment. The A. offers here an understanding of transubstantiation which embodies some original theological trends, present in various recent documents of the magisterium.
786 0# - DATA SOURCE ENTRY
Note Nouvelle revue théologique | 129 | 3 | 2007-06-04 | p. 388-401 | 0029-4845
856 41 - ELECTRONIC LOCATION AND ACCESS
Uniform Resource Identifier <a href="https://shs.cairn.info/revue-nouvelle-revue-theologique-2007-3-page-388?lang=fr&redirect-ssocas=7080">https://shs.cairn.info/revue-nouvelle-revue-theologique-2007-3-page-388?lang=fr&redirect-ssocas=7080</a>

Pas d'exemplaire disponible.

PLUDOC

PLUDOC est la plateforme unique et centralisée de gestion des bibliothèques physiques et numériques de Guinée administré par le CEDUST. Elle est la plus grande base de données de ressources documentaires pour les Étudiants, Enseignants chercheurs et Chercheurs de Guinée.

Adresse

627 919 101/664 919 101

25 boulevard du commerce
Kaloum, Conakry, Guinée

Réseaux sociaux

Powered by Netsen Group @ 2025